| 000 | 00838nam a2200217Ii 4500 | ||
|---|---|---|---|
| 003 | JO-AjNU | ||
| 008 | 230605s9999||||xx |||||||||||||| ||und|| | ||
| 017 | _a1982/3523 | ||
| 040 |
_aJO-AjNU _bara _erda _cJO-AjNU |
||
| 041 | _aara | ||
| 050 | 1 | 4 | _aHM24 .M8338 1982 |
| 100 | 3 |
_aعبدالكريم، محمد الغريب ؛ تقديم: عبد الحميد لطفي, _eauthor _917938 |
|
| 245 | 0 | 0 | _aالاتجاهات الفكرية في نظرية علم الاجتماع المعاصر |
| 250 | _aط2 مزيدة ومنقحة | ||
| 264 | 3 | 1 | _aالاسكندرية: المكتب الجامعي، 1982 |
| 300 |
_a252ص _bيحتوي على ببلوغرافية من 241-252ص |
||
| 336 |
_atext _btxt _2rdacontent |
||
| 337 |
_aunmediated _bn _2rdamedia |
||
| 338 |
_avolume _bnc _2rdacarrier |
||
| 650 | 4 |
_aعلم الاجتماع _917939 |
|
| 999 |
_aA5644 _c9212 _d9212 |
||